| 000 | 01143nam a2200301 i 4500 | ||
|---|---|---|---|
| 003 | DO-SdBNP | ||
| 005 | 20230622152315.0 | ||
| 007 | ta | ||
| 008 | 230622b2017 dr bd||| |||| 00| 0 spa d | ||
| 020 | _a9789945443622 (serie) | ||
| 020 | _a9789945582727 (volumen) | ||
| 040 |
_aDO-SdBNP _bspa _cBNPHU _erda |
||
| 082 | 4 | _222 | |
| 111 |
_aConcurso Biblioteca Juan Pablo Duarte _d2017 _983578 |
||
| 245 | 0 | 0 |
_aNueva literatura económica dominicana : _bpremios del Concurso de Economía Biblioteca Juan Pablo Duarte 2017 |
| 264 | 4 |
_aSanto Domingo : _bBanco Central de la República Dominicana, _c2017. |
|
| 300 |
_axxii, 373 páginas : _bmapas, gráficos ; _c23 cm. |
||
| 336 |
_2rdacontent _atexto _btxt |
||
| 337 |
_2rdamedia _asin mediación _bn |
||
| 338 |
_2rdacarrier _avolumen _bnc |
||
| 490 |
_aBanco Central de la República Dominicana _v257 |
||
| 490 |
_aNueva Litertura Económica _v22 |
||
| 500 | _aIncluye referencias bibliográficas y notas al pie de las páginas | ||
| 586 | _aPremio del Concurso de Economía Biblioteca Juan Pablo Duarte 2017. | ||
| 590 | _aInventariado, 2023/BT | ||
| 910 | _aBtavárez | ||
| 942 |
_2ddc _cLBS1 |
||
| 999 |
_c53906 _d53906 |
||